000 08212namaa22004331i 4500
003 EG-GICUC
005 20260502105951.0
008 260502s2025 ua a|||frm||| 000 0 eng d
040 _aEG-GICUC
_beng
_cEG-GICUC
_dEG-GICUC
_erda
041 0 _aeng
_beng
_bara
049 _aDeposit
082 0 4 _a 616.7227
092 _a616.7227
_221
097 _aPh.D
099 _aCai01.11.32.Ph.D.2025.Em.B
100 0 _aEman Hamed Abdulalim Mohamed,
_epreparation.
245 1 0 _aBiological therapy in two cohorts of Egyptian patients with Rheumatoid arthritis and Axial spondyloarthropathy /
_cby Eman Hamed Abdulalim Mohamed ; Supervised Prof. Dr. Zeinab Osman Nawito, Dr. Sally Samy Mohamed.
246 1 5 _aالعلاج البيولوجي في مجموعتين من المرضي المصريين المصابين بالتهاب المفاصل الروماتويدي واعتلال المفاصل الفقاري المحوري
264 0 _c2025.
300 _a144 pages :
_billustrations ;
_c25 cm. +
_eCD.
336 _atext
_2rda content
337 _aUnmediated
_2rdamedia
338 _avolume
_2rdacarrier
502 _aThesis (Ph.D)-Cairo University, 2025.
504 _aBibliography: pages 104-139.
520 3 _aBackground: Rheumatoid arthritis (RA) and ankylosing spondylitis (AS) are chronic autoimmune diseases characterized by articular and systemic involvement, leading to functional impairment and reduced health-related quality of life (HRQoL) if inadequately treated. Biologic therapies have revolutionized management, particularly in patients with high disease activity and poor response to conventional treatment. Objectives: To evaluate the efficacy, safety, and impact of biologic therapy on disease activity and HRQoL in a group of Egyptian RA and AS patients who failed conventional treatment. Methods: An ambispective cohort study included 144 Egyptian patients (78 RA, 66 AS) receiving biologic therapy through donation programs at Kasr Al-Aini Teaching Hospital. Clinical data, inflammatory markers, disease activity scores (clinical disease activity index (CDAI) for RA; Bath Ankylosing Spondylitis Disease Activity Index (BASDAI) for AS), and the RAND 36-Short-Form Health-related Quality of Life Questionnaire (RAND-36 SF HRQoL) were recorded at baseline and six months post-treatment. Results: Biologic therapy significantly reduced disease activity (in RA, CDAI decreased from 27±12 to 6±3; in AS, BASDAI dropped from 6±1 to 2±0.9, p-value <0.001). Inflammatory markers also showed a significant decrease (p-value <0.001), indicating better disease control. HRQoL improved across all SF-36 domains, with notable increases in physical and mental component scores (p-value <0.001). Disease activity negatively correlated with HRQoL in both diseases (p-value <0.05). Employment and comorbidities influenced baseline HRQoL in RA, while age and gender were significant factors in AS. Conclusion: Biologic therapy significantly improves disease control and HRQoL in RA and AS patients, hence the importance of timely access to biologics to optimize disease outcomes and patient well-being. Factors such as age, gender, comorbidities, and employment status influence HRQoL.
520 3 _a• في هذه الدراسة تم تقييم تأثير العلاجات البيولوجية على نشاط المرض، والعلامات الالتهابية، وجودة الحياة لدى ۱٤٤ مريضًا مصريًا مصابًا بالتهاب المفاصل الروماتويدي (عدد = ۷۸) والتيبس الفقاري (عدد = ٦٦). تم قياس نشاط المرض باستخدام مؤشر نشاط مرض التهاب المفاصل الروماتويدي السريري(CDAI)، وتقييم نشاط التيبس الفقاري باستخدام المؤشر(BASDAI)، بينما تم تقييم جودة الحياة الصحية لدي المرضي باستخدام استبيان RAND SF-36. • تألفت مجموعة مرضى التهاب المفاصل الروماتويدي في الغالب من النساء المتزوجات (٪٨٤,٥) بمتوسط عمر ٤١ عامًا، وهو ما يعكس الاتجاهات العالمية لمتوسط عمر المصابين بهذا المرض . كان معظم المرضى غير عاملين (٨٨,٥٪)، مما يعكس التأثير المعيق للمرض. كانت الأمراض المصاحبة الأكثر شيوعًا هي السكري (۱۸٪) وقصور الغدة الدرقية (۱٥٪). • في مجموعة مرضى التيبس الفقاري، كان معظم المرضى من الذكور المتزوجين الأصغر سنًا والعاملين. كانت الأمراض المصاحبة الأكثر شيوعًا هي السكري (١٥٪) وارتفاع ضغط الدم (١٤٪). وُجد التهاب القزحية لدى ١٥٪ من المرضى، بينما كانت المشكلات المعدية المعوية، التي تعود أساسًا إلى استخدام مضادات الالتهاب غير الستيرويدية شائعة. • كانت الأدوية البيولوجية الأكثر استخدامًا لمرضى التهاب المفاصل الروماتويدي هي إيتانيرسيبت (۲٥,٦٪) وجوليموماب (٣٤,٦٪). تم البدء في العلاج البيولوجي بشكل أساسي بسبب عدم الاستجابة للعلاجات التقليدية (٥٥٪) أو بسبب الآثار الجانبية للأدوية السابقة (٣۱٪). • أما الأدوية البيولوجية الأكثر استخدامًا لمرضى التيبس الفقاري كانت إيتانيرسيبت (٣٨٪) وسيكوكينوماب (۲٩٪). بدأ العلاج البيولوجي بشكل أساسي بسبب عدم استجابة المرضى لمضادات الالتهاب غير الستيرويدية (٥١٪). ولم يُبلّغ سوى أربعة مرضى عن آثار جانبية مثل العدوى المتكررة. • على الرغم من بعض التحديات المتعلقة بالتكلفة وتوافرالدواء، إلا أن معدل الالتزام بالعلاج كان مرتفعًا. كان معدل الالتزام بالعلاج مرتفعًا جدًا (٩١٪ لدي مرضى التهاب المفاصل الروماتويدي و٩٩٪ لدي مرضى التيبس الفقاري. وغالبًا ما كان انقطاع العلاج في مرضى التيبس الفقاري ناتجًا عن عدم توافر الدواء. • فيما يتعلق بالمرضى الذين سبق لهم تلقي علاجات بيولوجية ، تباينت أسباب التوقف عن هذه العلاجات بين المجموعتين. ففي مجموعة التهاب المفاصل الروماتويدي (عدد = ۲٥) ، أوقف ٣٦٪ منهم العلاج السابق بسبب فشل الاستجابة للعلاج، و۲٠٪ بسبب مشاكل في القدرة على تحمل التكاليف، و۱٦٪ بسبب عدم توفر الدواء. بينما في مجموعة مرضى التيبس الفقاري ، أوقف ٣٦٪ منهم العلاج البيولوجي السابق بسبب فشل الاستجابة للعلاج، و۲۱٪ بسبب الآثار الجانبية للدواء، وأرجع مرضي آخرون التوقف إلى مشاكل في القدرة على تحمل التكاليف أو عدم توفر الدواء.
530 _aIssues also as CD.
546 _aText in English and abstract in Arabic & English.
650 0 _aRheumatology and Rehabilitation
650 0 _aالتهاب المفصل الروماتويدي
653 1 _aAnkylosing spondylitis
_abiological therapy
_aClinical outcomes
_aDisease activity
_aHRQoL SF-36
_arheumatoid arthritis
700 0 _aZeinab Osman Nawito
_ethesis advisor.
700 0 _aSally Samy Mohamed
_ethesis advisor.
900 _b01-01-2025
_cZeinab Osman Nawito
_cSally Samy Mohamed
_UCairo University
_FFaculty of Medicine
_DDepartment of Rheumatology and Rehabilitation
905 _aShimaa
942 _2ddc
_cTH
_e21
_n0
999 _c179887